<?xml version="1.0" encoding="UTF-8"?><?xml-stylesheet type="text/xsl" href="static/style.xsl"?><OAI-PMH xmlns="http://www.openarchives.org/OAI/2.0/" xmlns:xsi="http://www.w3.org/2001/XMLSchema-instance" xsi:schemaLocation="http://www.openarchives.org/OAI/2.0/ http://www.openarchives.org/OAI/2.0/OAI-PMH.xsd"><responseDate>2026-04-13T16:52:21Z</responseDate><request verb="GetRecord" identifier="oai:www.recercat.cat:2117/405881" metadataPrefix="marc">https://recercat.cat/oai/request</request><GetRecord><record><header><identifier>oai:recercat.cat:2117/405881</identifier><datestamp>2025-07-22T22:15:34Z</datestamp><setSpec>com_2072_1033</setSpec><setSpec>col_2072_452951</setSpec></header><metadata><record xmlns="http://www.loc.gov/MARC21/slim" xmlns:dcterms="http://purl.org/dc/terms/" xmlns:xsi="http://www.w3.org/2001/XMLSchema-instance" xmlns:doc="http://www.lyncode.com/xoai" xsi:schemaLocation="http://www.loc.gov/MARC21/slim http://www.loc.gov/standards/marcxml/schema/MARC21slim.xsd">
   <leader>00925njm 22002777a 4500</leader>
   <datafield ind2=" " ind1=" " tag="042">
      <subfield code="a">dc</subfield>
   </datafield>
   <datafield ind2=" " ind1=" " tag="720">
      <subfield code="a">Hannemann, Ian-Hendrik Steffen</subfield>
      <subfield code="e">author</subfield>
   </datafield>
   <datafield ind2=" " ind1=" " tag="260">
      <subfield code="c">2024-02-09</subfield>
   </datafield>
   <datafield ind2=" " ind1=" " tag="520">
      <subfield code="a">This thesis undertook a comprehensive exploration, weaving together theoretical foundations, practical applications, and real-world implications at the intersection of project management and advanced technologies. The initial chapters meticulously defined projects, project managers, and the complexities inherent in project landscapes. Current project management methodologies were dissected, providing a solid backdrop for the subsequent investigations. A significant focus was placed on big data analytics, artificial intelligence, and machine learning, delving beyond theoretical definitions. This exploration led to the formulation of a unique framework, guiding the subsequent investigations into the practical implementation of data-driven approaches in project management. The thesis critically examined methodologies, scrutinized a real-world case study, and investigated implementation methods, applications, and benefits of data-driven techniques. Qualitative research played a pivotal role, diving into the depths of data-driven techniques, tools, and the intricate process of implementation. The real-world adaptation of these approaches was closely scrutinized, with a detailed comparison between current and datadriven methodologies. The challenges and limitations of implementing such transformative approaches were examined. The culmination of the quantitative research was a comprehensive survey, capturing the perspectives of fourteen project managers. These survey findings were intricately compared and contrasted with the qualitative results, creating a robust synthesis of insights from both research methodologies. In conclusion, this thesis presents a holistic view of project management in the digital age. By seamlessly integrating theoretical foundations, practical applications, and empirical research, it advocates for the strategic integration of data-driven approaches. The comparison between traditional and data-driven methodologies, coupled with a thorough understanding of challenges and benefits, positions this work as a valuable resource for practitioners and researchers navigating the evolving landscape of project management. The synthesis of qualitative and quantitative findings enriches the discourse, offering a nuanced and comprehensive understanding of the transformative potential embedded in the fusion of traditional project management principles with innovative data-driven methodologies</subfield>
   </datafield>
   <datafield tag="653" ind2=" " ind1=" ">
      <subfield code="a">Àrees temàtiques de la UPC::Economia i organització d'empreses::Direcció d'operacions</subfield>
   </datafield>
   <datafield tag="653" ind2=" " ind1=" ">
      <subfield code="a">Project management</subfield>
   </datafield>
   <datafield tag="653" ind2=" " ind1=" ">
      <subfield code="a">Big data</subfield>
   </datafield>
   <datafield tag="653" ind2=" " ind1=" ">
      <subfield code="a">Artificial intelligence -- Industrial applications</subfield>
   </datafield>
   <datafield tag="653" ind2=" " ind1=" ">
      <subfield code="a">Comparative study</subfield>
   </datafield>
   <datafield tag="653" ind2=" " ind1=" ">
      <subfield code="a">Project management</subfield>
   </datafield>
   <datafield tag="653" ind2=" " ind1=" ">
      <subfield code="a">Data analytics</subfield>
   </datafield>
   <datafield tag="653" ind2=" " ind1=" ">
      <subfield code="a">AI</subfield>
   </datafield>
   <datafield tag="653" ind2=" " ind1=" ">
      <subfield code="a">Big data</subfield>
   </datafield>
   <datafield tag="653" ind2=" " ind1=" ">
      <subfield code="a">Project mangement methods</subfield>
   </datafield>
   <datafield tag="653" ind2=" " ind1=" ">
      <subfield code="a">Tools</subfield>
   </datafield>
   <datafield tag="653" ind2=" " ind1=" ">
      <subfield code="a">Techniques</subfield>
   </datafield>
   <datafield tag="653" ind2=" " ind1=" ">
      <subfield code="a">Gestió de projectes</subfield>
   </datafield>
   <datafield tag="653" ind2=" " ind1=" ">
      <subfield code="a">Dades massives</subfield>
   </datafield>
   <datafield tag="653" ind2=" " ind1=" ">
      <subfield code="a">Intel·ligència artificial -- Aplicacions industrials</subfield>
   </datafield>
   <datafield ind2="0" ind1="0" tag="245">
      <subfield code="a">A comparative study of traditional and data-driven approaches in the project management performance</subfield>
   </datafield>
</record></metadata></record></GetRecord></OAI-PMH>